Právo a ekonomie: je právo jedním z hlavních faktorů ovlivňujících správaní ekonomiky?

Analýza vzájomného vzťahu medzi právom a ekonómiou prostredníctvom vedeckých metód a nástrojov ekonomickej analýzy práva ako špeciálne vyvinutého vedného odboru. Stručný vývoj vzájomného vzťahu medzi právom a ekonómiou a meranie vplyvu jedného vedného odoru na druhý.

Guardado en:
Detalles Bibliográficos
Autor principal: Bellová, Jana
Formato: Capítulo de libro
Lenguaje:inglés
Materias:
Etiquetas: Agregar Etiqueta
Sin Etiquetas, Sea el primero en etiquetar este registro!

MARC

LEADER 00000nla a2200000 4500
001 0236778
005 20240417075127.5
041 0 |a eng 
044 |a SK 
245 1 0 |a Právo a ekonomie: je právo jedním z hlavních faktorů ovlivňujících správaní ekonomiky?  |c Jana Bellová 
520 |a Analýza vzájomného vzťahu medzi právom a ekonómiou prostredníctvom vedeckých metód a nástrojov ekonomickej analýzy práva ako špeciálne vyvinutého vedného odboru. Stručný vývoj vzájomného vzťahu medzi právom a ekonómiou a meranie vplyvu jedného vedného odoru na druhý. 
610 2 0 |a ekonómia 
610 2 0 |a právo 
610 2 0 |a interakcia ekonomická 
610 2 0 |a analýza ekonomická 
100 1 |a Bellová, Jana